The International encyclopedia of education : (Record no. 9992)
[ view plain ]
| 000 -LEADER | |
|---|---|
| fixed length control field | 01103nac a22002891u 4500 |
| 010 ## - LIBRARY OF CONGRESS CONTROL NUMBER | |
| LC control number | 84020750 |
| 020 ## - INTERNATIONAL STANDARD BOOK NUMBER | |
| International Standard Book Number | 0080281192 (set) : |
| 082 00 - DEWEY DECIMAL CLASSIFICATION NUMBER | |
| Classification number | 370.3 |
| Item number | INT |
| 090 ## - LOCALLY ASSIGNED LC-TYPE CALL NUMBER (OCLC); LOCAL CALL NUMBER (OCLC) | |
| -- | 9992 |
| -- | 9992 |
| 100 ## - MAIN ENTRY--PERSONAL NAME | |
| Personal name | 20080729 |
| 245 04 - TITLE STATEMENT | |
| Title | The International encyclopedia of education : |
| Remainder of title | research and studies / |
| Statement of responsibility, etc | editors-in-chief, Torsten HuseÌ?n, T. Neville Postlethwaite. |
| 260 ## - PUBLICATION, DISTRIBUTION, ETC. (IMPRINT) | |
| Place of publication, distribution, etc | Oxford ; |
| -- | New York : |
| Name of publisher, distributor, etc | Pergamon Press,1985. |
| Date of publication, distribution, etc | c1985. |
| 300 ## - PHYSICAL DESCRIPTION | |
| Extent | 10 v. : |
| Other physical details | ill. ; |
| Dimensions | 26 cm. |
| 500 ## - GENERAL NOTE | |
| General note | Donations - AUC. |
| 500 ## - GENERAL NOTE | |
| General note | Donations. |
| 504 ## - BIBLIOGRAPHY, ETC. NOTE | |
| Bibliography, etc | Includes bibliographical references. |
| 505 ## - FORMATTED CONTENTS NOTE | |
| Formatted contents note | Issues: V. 1 A-B, 3 D-E, 5 I-L, 6 M-O (1985) |
| 511 ## - PARTICIPANT OR PERFORMER NOTE | |
| Participant or performer note | Catalogued by: Sara. |
| 650 #0 - SUBJECT ADDED ENTRY--TOPICAL TERM | |
| Topical term or geographic name as entry element | Education |
| General subdivision | Dictionaries. |
| 650 #0 - SUBJECT ADDED ENTRY--TOPICAL TERM | |
| Topical term or geographic name as entry element | Education |
| General subdivision | Research |
| -- | Dictionaries. |
| 700 1# - ADDED ENTRY--PERSONAL NAME | |
| Personal name | HuseÌ?n, Torsten, |
| Dates associated with a name | 1916- |
| 700 1# - ADDED ENTRY--PERSONAL NAME | |
| Personal name | Postlethwaite, T. Neville. |
| 942 ## - ADDED ENTRY ELEMENTS (KOHA) | |
| Item type | NB - Book (Non borrowing) |
| Call number prefix | 370.3INT |
| Withdrawn status | Item status | Source of classification or shelving scheme | Damaged status | Not for loan | Home library | Current library | Shelving location | Date acquired | Source of acquisition | Full call number | Barcode | Date last seen | Koha item type |
|---|---|---|---|---|---|---|---|---|---|---|---|---|---|
| Dewey Decimal Classification | Central Library | Central Library | First floor | 17/07/2008 | Purchase | 370.3 INT | 000013100 | 15/07/2025 | NB - Book (Non borrowing) | ||||
| Dewey Decimal Classification | Central Library | Central Library | First floor | 17/07/2008 | Purchase | 370.3INT | 000013101 | 15/07/2025 | NB - Book (Non borrowing) | ||||
| Dewey Decimal Classification | Central Library | Central Library | First floor | 17/07/2008 | Purchase | 370.3INT | 000013102 | 15/07/2025 | NB - Book (Non borrowing) | ||||
| Dewey Decimal Classification | Central Library | Central Library | First floor | 17/07/2008 | Purchase | 370.3INT | 000013106 | 15/07/2025 | NB - Book (Non borrowing) |